Microprocessors and microcomputers, for electronics technicians (Record no. 82929)
[ view plain ]
| 000 -LEADER | |
|---|---|
| fixed length control field | 01821nam a2200277 a 4500 |
| 008 - FIXED-LENGTH DATA ELEMENTS--GENERAL INFORMATION | |
| fixed length control field | 060316s1981 ||||||||||||||||| || u |
| 020 ## - INTERNATIONAL STANDARD BOOK NUMBER | |
| International Standard Book Number | 0070487138 |
| 050 ## - LIBRARY OF CONGRESS CALL NUMBER | |
| Classification number | TK 7888.3 Pas |
| 100 ## - MAIN ENTRY--PERSONAL NAME | |
| Personal name | Pasahow, Edward |
| 245 10 - TITLE STATEMENT | |
| Title | Microprocessors and microcomputers, for electronics technicians |
| 250 ## - EDITION STATEMENT | |
| Edition statement | Edward J. |
| 260 ## - PUBLICATION, DISTRIBUTION, ETC. | |
| Place of publication, distribution, etc. | New York |
| Name of publisher, distributor, etc. | McGraw-Hill |
| Date of publication, distribution, etc. | 1981 |
| 300 ## - PHYSICAL DESCRIPTION | |
| Extent | viii, 264 p. : ill. |
| 350 ## - | |
| -- | 0.00 |
| 650 ## - SUBJECT ADDED ENTRY--TOPICAL TERM | |
| Topical term or geographic name entry element | MICROPROCESSORS |
| 650 #0 - SUBJECT ADDED ENTRY--TOPICAL TERM | |
| Topical term or geographic name entry element | ELECTRONICS |
| 650 ## - SUBJECT ADDED ENTRY--TOPICAL TERM | |
| Topical term or geographic name entry element | MICROCOMPUTERS |
| 995 ## - | |
| -- | MAIN LIBRARY OPEN ACCESS |
| -- | 0.00 |
| -- | 726421 |
| -- | CBU-MAIN LIBRARY (Kitwe) |
| -- | 5 |
| -- | 17.75 |
| -- | TK 7888.3 Pas |
| -- | AVAILABLE |
| -- | 017107 |
| -- | Main Library Open Access Collection |
| 995 ## - | |
| -- | BINDERY (DAMAGED) |
| -- | 0.00 |
| -- | 713702 |
| -- | CBU-MAIN LIBRARY (Kitwe) |
| -- | 1 |
| -- | 0.00 |
| -- | TK 7888.3 Pas |
| -- | 9 |
| -- | DAMAGED |
| -- | Jun 8, 2009 |
| -- | 713702 |
| -- | Main Library Open Access Collection |
| 995 ## - | |
| -- | BINDERY (DAMAGED) |
| -- | 0.00 |
| -- | 710301 |
| -- | CBU-MAIN LIBRARY (Kitwe) |
| -- | 1 |
| -- | 0.00 |
| -- | TK 7888.3 Pas |
| -- | 11 |
| -- | DAMAGED |
| -- | Jun 8, 2009 |
| -- | 710301 |
| -- | Main Library Open Access Collection |
| 995 ## - | |
| -- | MAIN LIBRARY OPEN ACCESS |
| -- | 0.00 |
| -- | 710303 |
| -- | CBU-MAIN LIBRARY (Kitwe) |
| -- | 7 |
| -- | 17.75 |
| -- | TK 7888.3 Pas |
| -- | AVAILABLE |
| -- | 026906 |
| -- | Main Library Open Access Collection |
| 995 ## - | |
| -- | MAIN LIBRARY OPEN ACCESS |
| -- | 0.00 |
| -- | 713703 |
| -- | CBU-MAIN LIBRARY (Kitwe) |
| -- | 3 |
| -- | 17.75 |
| -- | TK 7888.3 Pas |
| -- | AVAILABLE |
| -- | 017106 |
| -- | Main Library Open Access Collection |
| 995 ## - | |
| -- | BINDERY (DAMAGED) |
| -- | 0.00 |
| -- | 713704 |
| -- | CBU-MAIN LIBRARY (Kitwe) |
| -- | 1 |
| -- | 0.00 |
| -- | TK 7888.3 Pas |
| -- | 10 |
| -- | DAMAGED |
| -- | Jun 8, 2009 |
| -- | 713704 |
| -- | Main Library Open Access Collection |
| 995 ## - | |
| -- | BINDERY (DAMAGED) |
| -- | 0.00 |
| -- | 715802 |
| -- | CBU-MAIN LIBRARY (Kitwe) |
| -- | 1 |
| -- | 0.00 |
| -- | TK 7888.3 Pas |
| -- | 12 |
| -- | DAMAGED |
| -- | Jun 8, 2009 |
| -- | 715802 |
| -- | Main Library Open Access Collection |
| 995 ## - | |
| -- | MAIN LIBRARY OPEN ACCESS |
| -- | 0.00 |
| -- | 710302 |
| -- | CBU-MAIN LIBRARY (Kitwe) |
| -- | 8 |
| -- | 17.75 |
| -- | TK 7888.3 Pas |
| -- | 1 |
| -- | AVAILABLE |
| -- | 017105 |
| -- | Main Library Open Access Collection |
| 999 ## - | |
| -- | 82929 |
| -- | 82929 |
| Withdrawn status | Lost status | Source of classification or shelving scheme | Damaged status | Not for loan | Permanent Location | Current Location | Shelving location | Date acquired | Total Checkouts | Full call number | Barcode | Date last seen | Copy number | Price effective from | Koha item type |
|---|---|---|---|---|---|---|---|---|---|---|---|---|---|---|---|
| CBU-MAIN LIBRARY, KITWE. | CBU-MAIN LIBRARY, KITWE. | 09/29/2023 | TK 7888.3 Pas | 017107 | 09/29/2023 | 1 | 09/29/2023 | MONOGRAPH | |||||||
| CBU-MAIN LIBRARY, KITWE. | CBU-MAIN LIBRARY, KITWE. | 09/29/2023 | TK 7888.3 Pas | 713702 | 09/29/2023 | 2 | 09/29/2023 | MONOGRAPH | |||||||
| CBU-MAIN LIBRARY, KITWE. | CBU-MAIN LIBRARY, KITWE. | 09/29/2023 | TK 7888.3 Pas | 710301 | 09/29/2023 | 3 | 09/29/2023 | MONOGRAPH | |||||||
| CBU-MAIN LIBRARY, KITWE. | CBU-MAIN LIBRARY, KITWE. | 09/29/2023 | TK 7888.3 Pas | 026906 | 09/29/2023 | 4 | 09/29/2023 | MONOGRAPH | |||||||
| CBU-MAIN LIBRARY, KITWE. | CBU-MAIN LIBRARY, KITWE. | 09/29/2023 | TK 7888.3 Pas | 017106 | 09/29/2023 | 5 | 09/29/2023 | MONOGRAPH | |||||||
| CBU-MAIN LIBRARY, KITWE. | CBU-MAIN LIBRARY, KITWE. | 09/29/2023 | TK 7888.3 Pas | 713704 | 09/29/2023 | 6 | 09/29/2023 | MONOGRAPH | |||||||
| CBU-MAIN LIBRARY, KITWE. | CBU-MAIN LIBRARY, KITWE. | 09/29/2023 | TK 7888.3 Pas | 715802 | 09/29/2023 | 7 | 09/29/2023 | MONOGRAPH | |||||||
| CBU-MAIN LIBRARY, KITWE. | CBU-MAIN LIBRARY, KITWE. | 09/29/2023 | TK 7888.3 Pas | 017105 | 09/29/2023 | 8 | 09/29/2023 | MONOGRAPH |